LEADER 01040nam a2200229 i 4500 001 000000104831 003 CaOOAMICUS 005 20011221000000.0 008 011221s1978 be u000 u grc u 013 $a77020 040 $aSeMil$bita 100 0 $aProcopius : Gazaeus,$d.$0(OLS)http://semarc/name/44266 245 10$aCatena in ecclesiasten :$bnecnon pseudochrysostomi commentarius in eundem ecclesiasten /$cedita a Sandro Leanza. 300 $aXVII, 103 p., [2] c. di tav. 490 0 $aCorpus Christianorum. Series Graeca ;$v4 700 1 $aLeanza, Sandro.$0(OLS)http://semarc/name/4559 700 0 $aPseudo-Chrysostomus.$0(OLS)http://semarc/name/44267 830 0$aCorpus Christianorum. Series Graeca ;$v4.$0(OLS)http://semarc/title/36 850 $aSeMil 852 $aSeMil$W1$xVenegono$y1$mSL2.K I 4$j61131$B61131$CSeMilBibl$Z2$F70465 $8I 961 $aSottoscrizione: Brepols 996 $6245$aCatena in ecclesiasten :$bnecnon pseudochrysostomi commentarius in eundem ecclesiasten$9(OLS)http://semarc/title/151880 LEADER 00639nam a2200193 i 4500 001 000000110450 003 CaOOAMICUS 005 20021203000000.0 008 021203n it u000 u ita u 013 $a83131 040 $aSeMil$bita 245 10$a1. 500 $aIn mezzo al front : con 276 illustrazioni. 773 0 $tStoria dell'arte italiana.$dTorino : UTET, [19--]$w()8057 773 0 $aToesca, Pietro M.$tMedioevo.$w()8058 850 $aSeMil 852 $aSeMil$W1$xVenegono$y1$m280 5 1.1 *$j66337$B66337$CSeMilBibl$Z2$F73302 $81 961 $aRecupero: Biblioteca Seminario Liceale 996 $6245$a1$9(OLS)http://semarc/title/6508